000
00294nam a2200121Ia 4500
008
220204s9999 xx 000 0 und d
082
_a
332.021.8(540)
_b
JOS
100
_a
JOSHI, P C
245
0
_a
Land reforms in India
260
_a
Bombay
_b
Allied
_c
1976
650
_a
Land reforms
942
_c
BK
999
_c
27706
_d
27706